Países por número de libros publicados - Estadísticas

Estadísticas generales
  • Esta prueba ha sido intentada 4.028 veces
    554 desde el último reinicio
  • La puntuación promedio es 18 de 21
Estadísticas de respuestas
# País % Correcto
275.232 Estados Unidos
100%
208.418 China
99%
89.962 España
99%
106.799 Francia
99%
71.524 Alemania
97%
61.966 Italia
97%
139.078 Japón
97%
188.000 Reino Unido
97%
115.171 Rusia
96%
90.000 India
95%
28.010 Argentina
94%
46.829 Brasil
94%
28.234 Australia
92%
63.476 Corea del Sur
89%
21.130 Polonia
83%
75.667 Turquía
81%
135.081 Indonesia
78%
102.691 Irán
72%
24.416 Ucrania
67%
24.589 Vietnam
63%
28.084 Taiwán
53%
No se encontraron pruebas coincidentes
Distribución de puntuación
Porcentaje de gente con cada puntuación
Porcentaje por número respondido
Historial de tus puntuaciones
No has intentado esta prueba desde el último reinicio